00588cam a22001572 4500001001100000005001700011008004100028040001500069100003400084245013000118300001500248500006600263650004400329700002800373700002900401000002147920151217155910.0120607s xx 000 0 eng d aKABUcKABU1 aJagero, Nelson O.@000018237610aCost effectiveness analysis between boarding and day secondary students in Kenya /cNelson O. Jagero, John Agak, T. M. Ayodo. a23 leaves. aPhotocopied from " African education review, 8 : 3, 529-550". 0aEducational reportszKenya.@00001823771 aAgak, John.@00001823781 aAyodo, T. M.@0000182379